Clone Wars Quiz - Statistics

General Stats
  • This quiz has been taken 102 times
  • The average score is 8 of 15
Answer Stats
Question Answer % Correct
Asajj Ventress throws Obi-Wan her crimson blade. "Thanks" he replies. "I want that back" Ventress scowls. "_____________" Obi-Wan responds That's fine, Red's not my color
84%
In season 6 of the Clone Wars, Master Yoda asked Chancellor Palpatine why his office had sealed a file on the former Jedi Master _____. Sifo-Dyas
79%
After General Grevious crushes the neck of a helpless clone, Obi-Wan tells him... You'll regret that.
79%
On the planet of Florrum Savage Opress killed which Jedi Adi Gallia
74%
Before embracing the Death Watch as his criminal organization, Darth maul tried, but failed, to recruit... Hondo Onaka and his band of Pirates
74%
How many times did Anakin Skywalker and General Grievous fight during the Clone Wars? 0
68%
In season 7, Anakin Skywalker fatally stabs Separatist Leader _________ through the chest Admiral Trench
68%
Place into the correct order. 1. The Father Kills Himself 2. Anakin Kills the Son 3. The Son Kills the Daughter 4. The Daughter Brings Ashoka back from Death 3, 4, 1, 2
53%
Once the Father took his own life, he stole his Sons _____ which allowed Anakin Skywalker to _____. Immortality, Impale him with his lightsaber
47%
After being attacked by Darth Maul for the first time in season four, Maul states "You may have forgotten me, but I will never forget you. You cannot imagine the depths I would go to stay alive, fueled by my singular hatred...for you." Obi-Wan responds... That may be so, but I defeated you before, and I will defeat you again.
47%
Obi-Wan Kenobi relentlessly tried to redeem which Sith Lord back to the light Asajj Ventress
42%
In an accidental pre-execution of Order 66 Clone Trooper _____ killed Jedi Master _____ Tiplar
37%
In the first ever episode of the Clone Wars, Count Dooku tried to convince the Toydarian King that the Separatists Droids outnumbered the Clones ______. 100-1
32%
In the Clone Wars episode titled "Pursuit of Peace" Padme Amidala fought against a bill that would have led to the creation of ______ more Clone Troopers 5 million
32%
Master Yoda fought Asajj Ventress once, he was able to win in _____ less than 5 seconds
11%
No matching quizzes found
Score Distribution
Percent of People with Each Score
Percentile by Number Answered
Your Score History
You have not taken this quiz